000
00179 a2200097 4500
020
_a
8434851997
041
_a
spa
100
_a
Jose Legorburu
245
_a
EspaoÌšl 5
942
_c
BK
999
_c
15677
_d
15677